Länder, die IShowSpeed besucht hat - Statistiken

Allgemein
  • Dieses Quiz wurde 49 mal gespielt
  • Das Durchschnittsergebnis liegt bei 31 aus 48
Antwortstatistiken
Jahr Besuchtes Land % Korrekt
Wohnort Vereinigte Staaten
100%
2024 Deutschland
98%
2023, 2024 Portugal
90%
2025 China
86%
2023 Japan
86%
2024 Spanien
83%
2023 Frankreich
81%
2025 Argentinien
79%
2025 Brasilien
79%
2024 Italien
79%
2022, 2023 Vereinigtes Königreich
79%
2024 Südkorea
76%
2024 Österreich
74%
2024 Schweden
74%
2024 Niederlande
71%
2024 Norwegen
71%
2024 Polen
71%
2024 Schweiz
71%
2023 Belgien
69%
2024 Irland
69%
2023 Türkei
69%
2024 Australien
67%
2024 Dänemark
67%
2024 Griechenland
67%
2023 Indien
67%
2025 Kolumbien
64%
2025 Peru
64%
2024 Neuseeland
62%
2024 Tschechien
60%
2025 Bolivien
57%
2024 Indonesien
57%
2024 Bulgarien
55%
2025 Chile
55%
2022 Katar
55%
2025 Paraguay
55%
2022, 2023, 2024 Saudi Arabien
55%
2024 Ungarn
55%
2025 Uruguay
55%
2024 Rumänien
52%
2024 Thailand
52%
2025 Ecuador
50%
2025 Panama
50%
2024 Albanien
43%
2024 Malaysia
43%
2024 Philippinen
38%
2025 Vietnam
38%
2025 Guatemala
29%
2024 Kambodscha
19%
Keine übereinstimmenden Quizze gefunden
Verteilung der Resultate
Anzahl Personen mit jedem Resultat
Perzentil nach korrekt beantworteten Fragen
Ihre Resultats-Entwicklung
Sie haben dieses Quiz noch nicht gespielt